00656nam a2200181 a 450000100100000000500170001000800410002702000150006804000250008308200160010824500780012425000120020226000670021430000320028170000300031395201140034399900170045700004098120201002034527.0130912s1997 xxub 000 0 eng d a0877795460 aDO-SdBNPbengcBNPHU axxxxxbxxxx00aMerriam-Webster's Geographical Dictionary. /cpreface, Daniel J. Hopkins. a3a. ed. aSpringfield, Massachusetts, U.S.A., :bMerriam-Webster,c1997. a26a, 1361 :bmap. ;c24 cm.1 aHopkins, Daniel J.967416 001050718MOaGRbGRcCTd2013-09-12iLF1l0oxxxxx xxxxp40981-10r2020-06-25w2020-06-25y1ZNo se presta c40471d40471